00477 2200157 4500001002100000005001500021035002000036007000300056008004100059020002200100100001800122245008000140250000900220260006800229300002200297INLIS00000000000013320210725093026 a0010-0721000118ta210725 1  a978-602-437-121-00 aRensi Sisilda1 aBUKIT BATU SULI :bCerita Rakyat /cBadan Pengembangan dan Pembinaan Bahasa a2016 aJakarta Timur :bBadan Pengembangan dan Pembinaan Bahasa,c2016 a54 :bFiksi ;c21